Films d'Alain Cavalier par image - Statistiques

Statistiques générales
  • Ce quiz a été pris 3 fois
  • Le résultat moyen est 4 sur 16
Statistiques - réponses
Par images Réponse % Correct
Thérèse
100%
Irène
67%
Le Filmeur
67%
La Chamade
33%
Le Plein de super
33%
L'Insoumis
33%
Pater
33%
Ce répondeur ne prend pas de messages
0%
Être vivant et le savoir
0%
La Rencontre
0%
Le Caravage
0%
Le Combat dans l'île
0%
Le Paradis
0%
Libera Me
0%
Mise à sac
0%
Un étrange voyage
0%
Aucun quiz correspondant
Distribution des résultats
% des personnes avec chaque résultat
Percentile par nombre de réponses
Votre historique - résultats
Vous n’avez pas pris ce quiz